000
00325nam a22001457a 4500
008
230317b ||||| |||| 00| 0 eng d
020
_a
9781119498407
041
_a
eng
080
_2
18TH EDITION
_a
33
082
_a
33BOO
100
_a
24
101
_a
BIZNES
245
_a
CONTEMPORARY BUSINESS
_c
BOONE
942
_2
udc
_c
BK
999
_c
59385
_d
59385